Numerical solution of elliptic problems
Saved in:
| Main Author: | |
|---|---|
| Other Authors: | |
| Format: | Book |
| Language: | English |
| Published: |
Philadelphia :
SIAM,
1984
|
| Series: | SIAM studies in applied mathematics ;
; 6 |
| Subjects: | |
| Tags: |
Add Tag
No Tags, Be the first to tag this record!
|
MARC
| LEADER | 00000nam a2200000 i 4500 | ||
|---|---|---|---|
| 001 | 1/55657 | ||
| 008 | 941103s1984 eng d | ||
| 020 | |a 0898711975 | ||
| 035 | |l 10045347 | ||
| 035 | |a 1991 |c ΤΕΡΤΙΚΑΣ | ||
| 040 | |a GR-MY-UA |b gre |e aacr | ||
| 041 | 0 | |a eng | |
| 082 | 0 | |a 515.353 |2 (19) | |
| 100 | 1 | |a Birkhoff, Garrett |d 1911- | |
| 245 | 1 | 0 | |a Numerical solution of elliptic problems / |c Garrett Birkhoff and Robert E. Lynch |
| 260 | |a Philadelphia : |b SIAM, |c 1984 | ||
| 300 | |a xi, 319 p.; |b ill.; |c 24 cm | ||
| 490 | 1 | |a SIAM studies in applied mathematics |v ; 6 | |
| 500 | |a Includes index | ||
| 504 | |a Bibliography: p. 303-314 | ||
| 650 | 0 | 0 | |a Differential equations, Elliptic |x Numerical solutions |x Data processing. |
| 650 | 0 | 0 | |a Boundary value problems |x Numerical solutions |x Data processing. |
| 700 | 1 | |a Lynch, Robert Edward |d 1940- | |
| 830 | 0 | |a SIAM studies in applied mathematics ; |v ; 6 | |
| 852 | |a INST |b SAMOS |e 19941103 |h 515.353 BIR |p 005300003975 |q 005300003975 |t BK |y 0 | ||
| 909 | |a Σ |b 019070 | ||